Les livres les plus vendu au monde - Statistiques

Statistiques générales
  • Ce quiz a été pris 278 fois
  • Le résultat moyen est 2 sur 5
Statistiques - réponses
Réponses % Correct
1 La bible
100%
2 Le coran
91%
3 Le petit livre rouge
13%
4 Don Quichotte de le Mancha
0%
5 Xinhua Zidan
0%
Aucun quiz correspondant
Distribution des résultats
% des personnes avec chaque résultat
Percentile par nombre de réponses
Votre historique - résultats
Vous n’avez pas pris ce quiz